LEADER 05048oam 2200697I 450 001 9910457512403321 005 20200520144314.0 010 $a1-136-05130-9 010 $a1-280-96400-6 010 $a9786610964000 010 $a0-08-047060-2 024 7 $a10.4324/9780080470603 035 $a(CKB)1000000000362580 035 $a(EBL)286666 035 $a(OCoLC)476038265 035 $a(SSID)ssj0000131712 035 $a(PQKBManifestationID)11129531 035 $a(PQKBTitleCode)TC0000131712 035 $a(PQKBWorkID)10027762 035 $a(PQKB)11763100 035 $a(MiAaPQ)EBC286666 035 $a(CaSebORM)9780240806419 035 $a(Au-PeEL)EBL286666 035 $a(CaPaEBR)ebr10167031 035 $a(CaONFJC)MIL96400 035 $a(OCoLC)123419322 035 $a(EXLCZ)991000000000362580 100 $a20180706d2005 uy 0 101 0 $aeng 135 $aur|n|---||||| 181 $ctxt 182 $cc 183 $acr 200 10$aCrafting short screenplays that connect /$fClaudia Hunter Johnson 205 $a2nd ed. 210 1$aBurlington, Mass. :$cFocal Press, an imprint of Elsevier,$d2005. 215 $a1 online resource (303 p.) 300 $aDescription based upon print version of record. 311 $a1-136-05129-5 311 $a0-240-80641-7 320 $aIncludes bibliographical references (p. 279-281) and index. 327 $aFront Cover; Crafting Short Screenplays That Connect; Copyright Page; Contents; Preface to the Second Edition; Acknowledgments; Introduction: The Power and Importance of Human Connection; Part I: Preparing to Write the Short Screenplay; Chapter 1.Connecting to Purpose; Only Connect; The Screenplay Paradox; Chapter 2.Connecting to Self; Le Menu; Depart the Donne?e; Chapter 3.Connecting to Process; The Space-Time Conundrum; Madness in Your Method; Creating Rituals; Taking Care of Yourself; Just Do It; Chapter 4.Connecting to Screenplays; Surface and Deep Action; Making Change; The Mood Exercise 327 $aThe Pearl in the OysterEmotional Flow; Everything You Need to Know You Can LearnFrom City Lights; Demystifying Format; Chapter 5. Connectingto Collaboration; Top Ten Reasons to Write With a Partner; Finding the Right Writing Partner; The Space-Time Conundrum, The Sequel; Co-Drafting the Script; Dealing With Disagreements; Part II: Five (Not So) Easy Screenplays; Chapter 6.The Discovery; The First Screenplay-The Discovery; Choosing an Idea; Developing Character; Developing Story and Structure; Drafting the Screenplay; Rewriting the Screenplay; Chapter 7.The Decision 327 $aThe Second Screenplay-The DecisionChoosing an Idea; Developing Character; Developing Story and Structure; Drafting the Screenplay; Rewriting the Screenplay; Chapter 8.The Boxing Match; The Third Screenplay-The Boxing Match; Choosing an Idea; Developing Character; Developing Story and Structure; Drafting the Screenplay; Rewriting the Screenplay; Chapter 9.The Improbable Connection; The Fourth Screenplay-The Improbable Connection; Choosing an Idea; Developing Character; Developing Story and Structure; Drafting the Screenplay; Rewriting the Screenplay; Chapter 10.The Long Short Screenplay 327 $aThe Fifth Screenplay-The Long Short ScreenplayChoosing an Idea; Developing Character; Developing Story and Structure; Drafting the Screenplay; Rewriting the Screenplay; Part III: Seven Screenplays That Make It Look Easy; Chapter 11.Kosher (by Aimee Barth); Chapter 12.My Josephine (by Barry Jenkins); Chapter 13. A Work in Progress (by Wes Ball); Chapter 14.Lena's Spaghetti (by Rachel A. Witenstein); Chapter 15.Cool Breeze and Buzz (by Lani Sciandra); Chapter 16. The Making of "Killer Kite" (story By Matt Stevens, screenplay By Robert S. Gray) 327 $aChapter 17.Slow Dancin' Down the Aisles of the Quickcheck (by Thomas Wade Jackson)Chapter 18.Conclusion; Appendix A: Available Screenwriting Software; Appendix B: Films Referenced; Appendix C: Further Reading; Index 330 $aThe only screenwriting book that includes a DVD that contains performances of the short films and screenplays that are featured in the book!The beauty and power of any story lies in its ability to connect to the reader, listener, or observer. Crafting Short Screenplays That Connect is the first screenwriting guide to introduce connection as an essential, although essentially overlooked, aspect of creating stories for the screen and of the screenwriting process itself. Written with clarity and humor, this book teaches the craft of writing short screenplays by gui 606 $aMotion picture authorship 606 $aShort films 608 $aElectronic books. 615 0$aMotion picture authorship. 615 0$aShort films. 676 $a808.2/3 700 $aJohnson$b Claudia$g(Claudia Hunter),$0901482 801 0$bMiAaPQ 801 1$bMiAaPQ 801 2$bMiAaPQ 906 $aBOOK 912 $a9910457512403321 996 $aCrafting short screenplays that connect$92014894 997 $aUNINA LEADER 04009 am 22006013u 450 001 9910372748803321 005 20231110213227.0 010 $a1-5015-1710-4 010 $a1-5015-1694-9 024 7 $a10.1515/9781501517105 035 $a(CKB)4100000009940211 035 $a(OAPEN)1006912 035 $a(DE-B1597)497968 035 $a(OCoLC)1129164626 035 $a(DE-B1597)9781501516948 035 $a(MiAaPQ)EBC6637466 035 $a(Au-PeEL)EBL6637466 035 $a(oapen)https://directory.doabooks.org/handle/20.500.12854/43146 035 $a(EXLCZ)994100000009940211 100 $a20200406h20192020 fg 101 0 $aeng 135 $auuuuu---auuuu 181 $ctxt$2rdacontent 182 $cc$2rdamedia 183 $acr$2rdacarrier 200 10$aChinese Annals in the Western Observatory $eAn Outline of Western Studies of Chinese Unearthed Documents /$fEdward Shaughnessy 210 $cDe Gruyter$d2020 210 1$aBerlin ;$aBoston : $cDe Gruyter Mouton, $d[2019] 210 4$dİ2020 215 $a1 online resource (485) 225 0 $aLibrary of Sinology ;$v4 311 $a1-5015-1693-0 327 $tFrontmatter -- $tCONTENTS -- $tLIST OF FIGURES -- $tPREFACE TO THE CHINESE EDITION -- $tPREFACE TO THE ENGLISH EDITION -- $tCONVENTIONS -- $tINTRODUCTION -- $t1. AN OUTLINE OF WESTERN STUDIES OF CHINESE PALEOGRAPHY -- $tAN OUTLINE OF WESTERN STUDIES OF CHINESE PALEOGRAPHY: BIOGRAPHIES -- $tBIBLIOGRAPHY OF WESTERN SCHOLARSHIP ON CHINESE PALEOGRAPHY -- $t2. ENGRAVED IN SHELL AND BONE: NARRATIVE -- $tENGRAVED IN SHELL AND BONE: BIOGRAPHIES -- $tENGRAVED IN SHELL AND BONE: BIBLIOGRAPHY -- $t3. CAST IN BRONZE AND STONE: NARRATIVE -- $tCAST IN BRONZE AND STONE: BIOGRAPHIES -- $tCAST IN BRONZE AND STONE: BIBLIOGRAPHY -- $t4. WRITTEN ON BAMBOO AND SILK: NARRATIVE -- $tWRITTEN ON BAMBOOK AND SILK: BIOGRAPHIES -- $tWRITTEN ON BAMBOO AND SILK: BIBLIOGRAPHY -- $tBIBLIOGRAPHY OF CHINESE TRANSLATIONS OF WESTERN STUDIES OF CHINESE UNEARTHED DOCUMENTS -- $tINDEX OF AUTHORS 330 $aSince the beginning of the twentieth century, hundreds of thousands of documents of all sorts have been unearthed in China, opening whole new fields of study and transforming our modern understanding of ancient China. While these discoveries have necessarily taken place in China, Western scholars have also contributed to the study of these documents throughout this entire period. This book provides a comprehensive survey of the contributions of these Western scholars to the field of Chinese paleography, and especially to study of oracle-bone inscriptions, bronze and stone inscriptions, and manuscripts written on bamboo and silk. Each of these topics is provided with a comprehensive narrative history of studies by Western scholars, as well as an exhaustive bibliography and biographies of important scholars in the field. It is also supplied with a list of Chinese translations of these studies, as well as a complete index of authors and their works. Whether the reader is interested in the history of ancient China, ancient Chinese paleographic documents, or just in the history of the study of China as it has developed in the West, this book provides one of the most complete accounts available to date. 410 0$aLibrary of Sinology 606 $aRegional studies$2bicssc 606 $aAsian history$2bicssc 607 $aChina$2fast 610 $abamboo-and-silk manuscripts. 610 $abronze inscriptions. 610 $aoracle-bone inscriptions. 610 $apaleography. 615 7$aRegional studies 615 7$aAsian history 676 $a495.117 700 $aShaughnessy$b Edward, $4aut$4http://id.loc.gov/vocabulary/relators/aut$0890521 712 02$aJao Tsung-I Academy of Sinology$4fnd$4http://id.loc.gov/vocabulary/relators/fnd 801 0$bDE-B1597 801 1$bDE-B1597 906 $aBOOK 912 $a9910372748803321 996 $aChinese Annals in the Western Observatory$91989228 997 $aUNINA